000 02171nam2a22004211 4500
001 v19\rc\1656165
005 20260405164732.0
035 _a(NLR Aleph) 005229556
090 _a5590568
_c5590568
100 _a20061002d1890 m y0rusy50 ca
101 0 _arus
102 _aRU
105 _ach z |||cb
200 1 _aПошехонская старина
_ec портретом автора и его факсимиле
210 _d1890
215 _aXCII, 397 с., 2 л. фронт. (портр., факс.)
423 0 _11010#$arus
_12001#$aМатериалы для биографии М.Е. Салтыкова$fК.К. Арсеньев
_153212$aМатериалы для биографии Михаила Евграфовича Салтыкова$zrus
_1700#1$3RU\NLR\AUTH\7770656$7ca$aАрсеньев$bК. К.$f1837-1919$gКонстантин Константинович
_tМатериалы для биографии М.Е. Салтыкова
_aАрсеньев, Константин Константинович (1837-1919)
461 0 _1001v19\rc\1656156
_12001#$aСочинения М.Е. Салтыкова (Н. Щедрина)$vТ. 9
_95590560
_aСалтыков-Щедрин, М. Е. (1826-1889)
_cС.-Петербург
_d1889-1890
_nиздание автора
_p9 т.
_tСочинения М.Е. Салтыкова (Н. Щедрина)
_vТ. 9
532 1 0 _aМатериалы для биографии Михаила Евграфовича Салтыкова
700 1 _8rus
_7ca
_aАрсеньев
_bК. К.
_f1837-1919
_gКонстантин Константинович
_3RU\NLR\AUTH\7770656
_953584
801 0 _aRU
_bNLR
_gpsbo
801 0 _aRU
_bRuMoRGB
_2psbo
801 1 _aRU
_bProSoft-M
_2rusmarc
801 2 _aRU
_bNLR
_c20070604
_2rusmarc
852 _aNLR
_j18.274.3.15 (9)
852 _aNLR
_j132/3814 (9)
899 _aRuMoRGB
_jU 235/42
899 _aRuMoRGB
_jМК
899 _aRuMoRGB
_jФ 10-82/1254
899 _aRuMoRGB
_jФ 10-82/1251
899 _aRuMoRGB
_jФ 10-82/1252
899 _aRuMoRGB
_jФ 10-82/1253
899 _aБАН
899 _aНБ СПбГУ
899 _aНБ МГУ
942 _cBOOK
980 _aNB